|
|
|
|
| LEADER |
00000cam a2200000 4500 |
| 001 |
vtls012247952 |
| 003 |
SK-MaSNL |
| 005 |
20260301085216.0 |
| 008 |
240116s2023 xo oa f n 001 0 slo |
| 015 |
|
|
|a SNBA2024/01
|
| 020 |
|
|
|a 9788089797967
|q (brožované)
|
| 040 |
|
|
|a SNK
|b slo
|c SNK
|e rda
|
| 041 |
0 |
|
|a slo
|
| 044 |
|
|
|a xo
|c SK
|
| 072 |
|
7 |
|a 616
|x Patológia. Klinická medicína
|2 konspekt
|
| 080 |
|
|
|a 616.61-78:612.339
|2 2011
|
| 080 |
|
|
|a (048.8)
|2 2011
|
| 080 |
|
|
|a 316.346.32-053.2
|2 2011
|
| 080 |
|
|
|a 616.1/.9-053.2
|2 2011
|
| 100 |
1 |
|
|a Brndiarová, Miroslava,
|d 1982-
|4 aut
|9 200594
|
| 245 |
1 |
0 |
|a Peritoneálna dialýza u detí
|c Miroslava Brndiarová
|
| 264 |
|
1 |
|a [Bratislava]
|b A-medi management, s.r.o.
|c 2023
|
| 300 |
|
|
|a 109 strán
|b fotografie, ilustrácie, schémy, tabuľky
|c 21 cm
|
| 336 |
|
|
|a text
|b txt
|2 rdacontent
|
| 337 |
|
|
|a bez média
|b n
|2 rdamedia
|
| 338 |
|
|
|a zväzok
|b nc
|2 rdacarrier
|
| 500 |
|
|
|a Miesto vydania podľa NA ISBN
|
| 500 |
|
|
|a Obsahuje zoznam skratiek a symbolov ; zoznam tabuliek ; zoznam ilustrácií
|
| 504 |
|
|
|a Obsahuje bibliografiu za jednotlivými kapitolami a register
|
| 650 |
0 |
7 |
|a peritoneálna dialýza
|2 SNKPH
|9 68573
|
| 650 |
0 |
7 |
|a Peritoneal dialysis
|2 SNKPHeng
|9 156211
|
| 650 |
0 |
7 |
|a deti
|2 SNKPH
|9 773
|
| 650 |
0 |
7 |
|a choroby detí
|2 SNKPH
|9 79071
|
| 650 |
0 |
7 |
|a Children
|2 SNKPHeng
|9 274282
|
| 650 |
0 |
7 |
|a Diseases of children
|2 SNKPHeng
|9 319915
|
| 655 |
|
7 |
|a monografie
|2 SNKPH
|9 70139
|
| 655 |
|
7 |
|a Monographs
|2 SNKPHeng
|9 120675
|
| 700 |
1 |
|
|a Kenderová, Bibiana
|4 ill
|9 414901
|
| 700 |
1 |
|
|a Dedinská, Ivana,
|d 1981-
|4 rev
|9 159109
|
| 700 |
1 |
|
|a Janda, Jan,
|d 1941-
|4 rev
|9 177481
|
| 700 |
1 |
|
|a Zibolen, Mirko,
|d 1961-
|4 rev
|9 188362
|
| 700 |
1 |
|
|a Schiller, Lukrecia
|4 bkd
|9 414902
|
| 852 |
|
|
|a Slovenská národná knižnica
|
| 919 |
|
|
|a 978-80-89797-96-7
|
| 954 |
|
|
|a odborná, vedecká literatúra pôvodná (slovenská)
|2 lita
|
| 958 |
|
|
|a NB
|
| 958 |
|
|
|a MI
|
| 999 |
|
|
|c 665293
|d 667223
|
| 952 |
|
|
|a SNK
|b SNK
|y PREZ
|7 0
|p 17A1541039
|o snkSC 204889
|i snk2024/861
|8 0
|0 0
|1 0
|4 0
|d 2024-01-16
|l 0
|r 2025-10-28 00:00:00
|w 2026-02-23
|
| 952 |
|
|
|a SNK
|b SNK
|y VYP
|7 0
|p 17A1541040
|o snkSC 204889 D1
|i snk2024/862
|8 0
|0 0
|1 0
|4 0
|d 2024-01-16
|l 0
|r 2026-02-23 19:07:18
|w 2026-02-23
|